| 000 | 00736nam a2200181 a 4500 | ||
|---|---|---|---|
| 001 | BRCA_8809 | ||
| 005 | 20190320210424.0 | ||
| 008 | 240417s1678----sp-#######---#000-0#spa-# | ||
| 040 | _aspa | ||
| 084 |
_aBE190 _b.O27 1678 |
||
| 245 | 1 | 0 | _aObras de la gloriosa madre Santa Teresa de Iesvs, fundadora de la reforma de la orden de nuestra Señora del Carmen de la Primera Observancia. |
| 300 |
_a[6], [67], 789 p. (t.2) _c19.2 x 15 cm. |
||
| 500 | _aEstado físico: presenta encuadernación en pergamino con cintas rotas, lomo semi desprendido y carece de la mitad de la portada | ||
| 600 | 1 | 4 |
_aTeresa de Jesús, Santa _d1515 - 1582 _921873 |
| 650 | 1 | 4 |
_aVida espiritual _yObras anteriores a 1800 _921952 |
| 902 | _aCFM | ||
| 942 |
_2lcc _cB |
||
| 999 |
_c8460 _d8460 |
||